| Tag |
First Indicator |
Second Indicator |
Subfields |
| LEADER |
00000cam a2200000 a 4500 |
| 001 |
in00002052217 |
| 005 |
20151101064104.0 |
| 008 |
920124s1992 nyu 000 1 eng |
| 010 |
|
|
|a 91068367
|
| 020 |
|
|
|a 0451628497 :
|c $5.99 ($7.99 Can.)
|
| 035 |
|
|
|a (OCoLC)ocm26851613
|
| 040 |
|
|
|a DLC
|c DLC
|d OCL
|d TXA
|d UtOrBLW
|
| 043 |
|
|
|a n-us---
|
| 049 |
|
|
|a TXAM
|
| 050 |
0 |
0 |
|a PS647.A35
|b A35 1992
|
| 082 |
0 |
0 |
|a 813/.4080896073
|2 20
|
| 245 |
0 |
4 |
|a The African-American novel in the age of reaction :
|b three classics /
|c edited and with an introduction by William L. Andrews.
|
| 264 |
|
1 |
|a New York :
|b Mentor,
|c [1992]
|
| 264 |
|
4 |
|c ©1992
|
| 300 |
|
|
|a xx, 587 pages ;
|c 18 cm.
|
| 336 |
|
|
|a text
|b txt
|2 rdacontent
|
| 337 |
|
|
|a unmediated
|b n
|2 rdamedia
|
| 338 |
|
|
|a volume
|b nc
|2 rdacarrier
|
| 505 |
0 |
|
|a Iola Leroy, or, Shadows uplifted (1892) / Frances E.W. Harper -- The marrow of tradition (1901) / Charles W. Chestnutt -- The sport of the gods (1902) / Paul Laurence Dunbar.
|
| 650 |
|
0 |
|a American fiction
|x African American authors.
|
| 650 |
|
0 |
|a African Americans
|v Fiction.
|
| 700 |
1 |
|
|a Andrews, William L.,
|d 1946-
|
| 700 |
1 |
2 |
|a Harper, Frances Ellen Watkins,
|d 1825-1911.
|t Iola Leroy, or, Shadows uplifted.
|
| 700 |
1 |
2 |
|a Chesnutt, Charles W.
|q (Charles Waddell),
|d 1858-1932.
|t Marrow of tradition.
|
| 700 |
1 |
2 |
|a Dunbar, Paul Laurence,
|d 1872-1906.
|t Sport of the gods.
|
| 994 |
|
|
|a C0
|b TXA
|
| 948 |
|
|
|a cataloged
|b h
|c 2005/5/9
|d c
|e tmweaver
|f 4:56:35 pm
|
| 999 |
|
|
|a MARS
|
| 999 |
f |
f |
|s d815ad82-bae3-31cc-8ff6-1bbf7e7a01ce
|i 0316e9a2-8919-331f-b8bd-8a509f4f2968
|t 0
|
| 952 |
f |
f |
|p noncirc
|a Texas A&M University
|b College Station
|c Cushing Memorial Library & Archives
|d Cushing: Area Studies/Africana (Does not check out)
|t 0
|e PS647.A35 A35 1992
|h Library of Congress classification
|i unmediated -- volume
|
| 998 |
f |
f |
|a PS647.A35 A35 1992
|t 0
|l Cushing: Area Studies/Africana (Does not check out)
|